Programming languages design and implementation (Record no. 4192)

MARC details
000 -LEADER
fixed length control field 00388nam a2200157Ia 4500
008 - FIXED-LENGTH DATA ELEMENTS--GENERAL INFORMATION
fixed length control field 191201s2010 xx 000 0 und d
020 ## - INTERNATIONAL STANDARD BOOK NUMBER
International Standard Book Number 9788178085531
082 ## - DEWEY DECIMAL CLASSIFICATION NUMBER
Classification number 005.133
Item number PRP
100 ## - MAIN ENTRY--PERSONAL NAME
Personal name PRATT,terrance W
245 #0 - TITLE STATEMENT
Title Programming languages design and implementation
250 ## - EDITION STATEMENT
Edition statement 8th
260 ## - PUBLICATION, DISTRIBUTION, ETC. (IMPRINT)
Place of publication, distribution, etc N.Delhi
Name of publisher, distributor, etc pearson
Date of publication, distribution, etc 2010
300 ## - PHYSICAL DESCRIPTION
Extent 590
650 ## - SUBJECT ADDED ENTRY--TOPICAL TERM
Topical term or geographic name as entry element MCA
942 ## - ADDED ENTRY ELEMENTS (KOHA)
Source of classification or shelving scheme Dewey Decimal Classification
Koha item type Text Books
942 ## - ADDED ENTRY ELEMENTS (KOHA)
-- 1
Holdings
Withdrawn status Lost status Source of classification or shelving scheme Damaged status Not for loan Collection code Home library Current library Date acquired Source of acquisition Cost, normal purchase price Bill Number Total Checkouts Full call number Acc. no. / Barcode Date last seen Bill Date Koha item type Date last borrowed
    Dewey Decimal Classification     MCA PIET C-LIBRARY PIET C-LIBRARY 25/11/2009 J B C, New Delhi 325.00 SI-3710   005.133 PRP 13885 04/12/2019 14/11/2009 Text Books  
    Dewey Decimal Classification     MCA PIET C-LIBRARY PIET C-LIBRARY 25/11/2009 J B C, New Delhi 325.00 SI-3710   005.133 PRP 13886 04/12/2019 14/11/2009 Text Books  
    Dewey Decimal Classification     MCA PIET C-LIBRARY PIET C-LIBRARY 25/11/2009 J B C, New Delhi 325.00 SI-3710   005.133 PRP 13887 04/12/2019 14/11/2009 Text Books  
    Dewey Decimal Classification     MCA PIET C-LIBRARY PIET C-LIBRARY 25/11/2009 J B C, New Delhi 325.00 SI-3710 1 005.133 PRP 13888 17/01/2023 14/11/2009 Text Books 05/01/2023
    Dewey Decimal Classification     MCA PIET C-LIBRARY PIET C-LIBRARY 25/11/2009 J B C, New Delhi 325.00 SI-3710 2 005.133 PRP 13889 08/10/2024 14/11/2009 Text Books 25/09/2024
    Dewey Decimal Classification     MCA PIET C-LIBRARY PIET C-LIBRARY 25/11/2009 J B C, New Delhi 325.00 SI-3710   005.133 PRP 13890 04/12/2019 14/11/2009 Text Books  
    Dewey Decimal Classification     MCA PIET C-LIBRARY PIET C-LIBRARY 25/11/2009 J B C, New Delhi 325.00 SI-3710   005.133 PRP 13891 04/12/2019 14/11/2009 Text Books  

Design & Developed by: PIET Central Library
R70 Miles Stone Pattikalyana Samalkha Panipat 132102
mail ID :- [email protected], Phone No:- 0180-2569700 Ex.216